000 00962nam a2200277 i 4500
001 37502
003 ES-MaACL
005 20231106213238.0
007 t|
008 030311q1921 sp ||||1| spa d
080 _a929 Ercilla y Zúñida, Alonso de
080 _a929 Núñez Cabeza de Vaca, Álvar
080 _a929 Martínez de Irala, Domingo
100 1 _aCola, Julio.
_9161555
245 1 0 _aErcilla, Álvar Núñez, Irala /
_cJulio Cola.
260 _aMadrid :
_bAmbos Mundos,
_cca. 1921.
300 _a111 p. ;
_c17 cm.
490 1 _aFiguras de la raza
500 _aTít. tomado de la cubierta.
600 1 4 _aErcilla y Zúñiga, Alonso de.
_947364
600 1 4 _aNúñez Cabeza de Vaca, Álvar,
_dca. 1495-ca. 1560
_9140799
600 1 4 _aMartínez de Irala, Domingo.
_9161556
830 1 _aFiguras de la raza
_9229646
852 4 _aES-MaACL
_j1650-F-11
_z- Dedicatoria autógrafa del autor, fechada en 1921
999 _c37502
_d37502